<?xml version="1.0" encoding="UTF-8"?>
<collection xmlns="http://www.loc.gov/MARC21/slim">
 <record>
  <leader>04895cam a2201033   4500</leader>
  <controlfield tag="001">363239715</controlfield>
  <controlfield tag="003">DE-627</controlfield>
  <controlfield tag="005">20231017003535.0</controlfield>
  <controlfield tag="007">tu</controlfield>
  <controlfield tag="008">030514s2003    gw |||||      00| ||ger c</controlfield>
  <datafield tag="015" ind1=" " ind2=" ">
   <subfield code="a">03,N14,1115</subfield>
   <subfield code="2">dnb</subfield>
  </datafield>
  <datafield tag="015" ind1=" " ind2=" ">
   <subfield code="a">04,A07,0195</subfield>
   <subfield code="2">dnb</subfield>
  </datafield>
  <datafield tag="016" ind1="7" ind2=" ">
   <subfield code="a">966520882</subfield>
   <subfield code="2">DE-101</subfield>
  </datafield>
  <datafield tag="020" ind1=" " ind2=" ">
   <subfield code="a">3895344915</subfield>
   <subfield code="c"> : EUR-D 24.00</subfield>
   <subfield code="9">3-89534-491-5</subfield>
  </datafield>
  <datafield tag="035" ind1=" " ind2=" ">
   <subfield code="a">(DE-627)363239715</subfield>
  </datafield>
  <datafield tag="035" ind1=" " ind2=" ">
   <subfield code="a">(DE-576)110520785</subfield>
  </datafield>
  <datafield tag="035" ind1=" " ind2=" ">
   <subfield code="a">(DE-599)GBV363239715</subfield>
  </datafield>
  <datafield tag="035" ind1=" " ind2=" ">
   <subfield code="a">(OCoLC)249053637</subfield>
  </datafield>
  <datafield tag="035" ind1=" " ind2=" ">
   <subfield code="a">(OCoLC)54007834</subfield>
  </datafield>
  <datafield tag="035" ind1=" " ind2=" ">
   <subfield code="a">(OCoLC)249053637</subfield>
  </datafield>
  <datafield tag="040" ind1=" " ind2=" ">
   <subfield code="a">DE-627</subfield>
   <subfield code="b">ger</subfield>
   <subfield code="c">DE-627</subfield>
   <subfield code="e">rakwb</subfield>
  </datafield>
  <datafield tag="041" ind1=" " ind2=" ">
   <subfield code="a">ger</subfield>
   <subfield code="a">eng</subfield>
   <subfield code="a">lat</subfield>
  </datafield>
  <datafield tag="044" ind1=" " ind2=" ">
   <subfield code="c">XA-DE-NW</subfield>
  </datafield>
  <datafield tag="050" ind1=" " ind2="0">
   <subfield code="a">BR857.W4</subfield>
  </datafield>
  <datafield tag="082" ind1="0" ind2=" ">
   <subfield code="a">230</subfield>
   <subfield code="a">230</subfield>
   <subfield code="a">274.356</subfield>
   <subfield code="a">943</subfield>
   <subfield code="a">943</subfield>
   <subfield code="q">BSZ</subfield>
  </datafield>
  <datafield tag="082" ind1="0" ind2=" ">
   <subfield code="a">230</subfield>
  </datafield>
  <datafield tag="082" ind1="0" ind2=" ">
   <subfield code="a">943</subfield>
  </datafield>
  <datafield tag="082" ind1="0" ind2=" ">
   <subfield code="a">274.356</subfield>
  </datafield>
  <datafield tag="082" ind1="0" ind2="4">
   <subfield code="a">230</subfield>
   <subfield code="a">943</subfield>
  </datafield>
  <datafield tag="082" ind1="0" ind2="4">
   <subfield code="a">943</subfield>
   <subfield code="a">230</subfield>
  </datafield>
  <datafield tag="084" ind1=" " ind2=" ">
   <subfield code="a">8,1</subfield>
   <subfield code="2">ssgn</subfield>
  </datafield>
  <datafield tag="084" ind1=" " ind2=" ">
   <subfield code="a">1</subfield>
   <subfield code="2">ssgn</subfield>
  </datafield>
  <datafield tag="084" ind1=" " ind2=" ">
   <subfield code="a">LC 36050</subfield>
   <subfield code="2">rvk</subfield>
   <subfield code="0">(DE-625)rvk/90646:791</subfield>
  </datafield>
  <datafield tag="084" ind1=" " ind2=" ">
   <subfield code="a">NR 4460</subfield>
   <subfield code="2">rvk</subfield>
   <subfield code="0">(DE-625)rvk/129359:</subfield>
  </datafield>
  <datafield tag="084" ind1=" " ind2=" ">
   <subfield code="a">NM 1400</subfield>
   <subfield code="2">rvk</subfield>
   <subfield code="0">(DE-625)rvk/126291:</subfield>
  </datafield>
  <datafield tag="084" ind1=" " ind2=" ">
   <subfield code="a">11.50</subfield>
   <subfield code="2">bkl</subfield>
  </datafield>
  <datafield tag="084" ind1=" " ind2=" ">
   <subfield code="a">15.53</subfield>
   <subfield code="2">bkl</subfield>
  </datafield>
  <datafield tag="084" ind1=" " ind2=" ">
   <subfield code="a">73.93</subfield>
   <subfield code="2">bkl</subfield>
  </datafield>
  <datafield tag="084" ind1=" " ind2=" ">
   <subfield code="a">11.52</subfield>
   <subfield code="2">bkl</subfield>
  </datafield>
  <datafield tag="245" ind1="1" ind2="0">
   <subfield code="a">&quot;Heiliges Westfalen&quot;</subfield>
   <subfield code="b">Heilige, Reliquien, Wallfahrt und Wunder im Mittelalter</subfield>
   <subfield code="c">hrsg. von Gabriela Signori</subfield>
  </datafield>
  <datafield tag="263" ind1=" " ind2=" ">
   <subfield code="a">kart. : EUR 24.00, sfr 44.50</subfield>
  </datafield>
  <datafield tag="264" ind1=" " ind2="1">
   <subfield code="a">Bielefeld</subfield>
   <subfield code="b">Verl. für Regionalgeschichte</subfield>
   <subfield code="c">2003</subfield>
  </datafield>
  <datafield tag="300" ind1=" " ind2=" ">
   <subfield code="a">271 S.</subfield>
   <subfield code="b">Ill., Kt.</subfield>
   <subfield code="c">21 cm</subfield>
  </datafield>
  <datafield tag="336" ind1=" " ind2=" ">
   <subfield code="a">Text</subfield>
   <subfield code="b">txt</subfield>
   <subfield code="2">rdacontent</subfield>
  </datafield>
  <datafield tag="337" ind1=" " ind2=" ">
   <subfield code="a">ohne Hilfsmittel zu benutzen</subfield>
   <subfield code="b">n</subfield>
   <subfield code="2">rdamedia</subfield>
  </datafield>
  <datafield tag="338" ind1=" " ind2=" ">
   <subfield code="a">Band</subfield>
   <subfield code="b">nc</subfield>
   <subfield code="2">rdacarrier</subfield>
  </datafield>
  <datafield tag="490" ind1="1" ind2=" ">
   <subfield code="a">Religion in der Geschichte</subfield>
   <subfield code="v">11</subfield>
  </datafield>
  <datafield tag="500" ind1=" " ind2=" ">
   <subfield code="a">Literaturverz. S. [239] - 262</subfield>
  </datafield>
  <datafield tag="546" ind1=" " ind2=" ">
   <subfield code="a">Beitr. teilw. dt., teilw. engl.</subfield>
  </datafield>
  <datafield tag="583" ind1="1" ind2=" ">
   <subfield code="a">Archivierung/Langzeitarchivierung gewährleistet</subfield>
   <subfield code="f">SSG</subfield>
   <subfield code="2">pdager</subfield>
   <subfield code="5">DE-21</subfield>
  </datafield>
  <datafield tag="650" ind1=" " ind2="0">
   <subfield code="a">Christian saints</subfield>
   <subfield code="z">Germany</subfield>
   <subfield code="z">Westphalia</subfield>
   <subfield code="v">Biography</subfield>
  </datafield>
  <datafield tag="650" ind1=" " ind2="0">
   <subfield code="a">Pilgrims and pilgrimages</subfield>
   <subfield code="z">Germany</subfield>
   <subfield code="z">Westphalia</subfield>
   <subfield code="x">History</subfield>
  </datafield>
  <datafield tag="651" ind1=" " ind2="0">
   <subfield code="a">Westphalia (Germany)</subfield>
   <subfield code="x">Church history</subfield>
  </datafield>
  <datafield tag="655" ind1=" " ind2="7">
   <subfield code="a">Aufsatzsammlung</subfield>
   <subfield code="0">(DE-588)4143413-4</subfield>
   <subfield code="0">(DE-627)105605727</subfield>
   <subfield code="0">(DE-576)209726091</subfield>
   <subfield code="2">gnd-content</subfield>
  </datafield>
  <datafield tag="689" ind1="0" ind2="0">
   <subfield code="d">g</subfield>
   <subfield code="0">(DE-588)4065781-4</subfield>
   <subfield code="0">(DE-627)106117122</subfield>
   <subfield code="0">(DE-576)209160667</subfield>
   <subfield code="a">Westfalen</subfield>
   <subfield code="2">gnd</subfield>
  </datafield>
  <datafield tag="689" ind1="0" ind2="1">
   <subfield code="d">s</subfield>
   <subfield code="0">(DE-588)4024052-6</subfield>
   <subfield code="0">(DE-627)106300547</subfield>
   <subfield code="0">(DE-576)20895290X</subfield>
   <subfield code="a">Heiligenverehrung</subfield>
   <subfield code="2">gnd</subfield>
  </datafield>
  <datafield tag="689" ind1="0" ind2="2">
   <subfield code="a">z</subfield>
   <subfield code="2">gnd</subfield>
   <subfield code="a">Geschichte 750-1600</subfield>
  </datafield>
  <datafield tag="689" ind1="0" ind2=" ">
   <subfield code="5">DE-101</subfield>
  </datafield>
  <datafield tag="689" ind1="1" ind2="0">
   <subfield code="d">g</subfield>
   <subfield code="0">(DE-588)4065781-4</subfield>
   <subfield code="0">(DE-627)106117122</subfield>
   <subfield code="0">(DE-576)209160667</subfield>
   <subfield code="a">Westfalen</subfield>
   <subfield code="2">gnd</subfield>
  </datafield>
  <datafield tag="689" ind1="1" ind2="1">
   <subfield code="d">s</subfield>
   <subfield code="0">(DE-588)4024052-6</subfield>
   <subfield code="0">(DE-627)106300547</subfield>
   <subfield code="0">(DE-576)20895290X</subfield>
   <subfield code="a">Heiligenverehrung</subfield>
   <subfield code="2">gnd</subfield>
  </datafield>
  <datafield tag="689" ind1="1" ind2="2">
   <subfield code="d">s</subfield>
   <subfield code="0">(DE-588)4064460-1</subfield>
   <subfield code="0">(DE-627)104522860</subfield>
   <subfield code="0">(DE-576)209153628</subfield>
   <subfield code="a">Wallfahrt</subfield>
   <subfield code="2">gnd</subfield>
  </datafield>
  <datafield tag="689" ind1="1" ind2="3">
   <subfield code="d">s</subfield>
   <subfield code="0">(DE-588)4138759-4</subfield>
   <subfield code="0">(DE-627)105640298</subfield>
   <subfield code="0">(DE-576)209688769</subfield>
   <subfield code="a">Reliquienkult</subfield>
   <subfield code="2">gnd</subfield>
  </datafield>
  <datafield tag="689" ind1="1" ind2="4">
   <subfield code="d">s</subfield>
   <subfield code="0">(DE-588)4190320-1</subfield>
   <subfield code="0">(DE-627)104522038</subfield>
   <subfield code="0">(DE-576)210065842</subfield>
   <subfield code="a">Wunderglaube</subfield>
   <subfield code="2">gnd</subfield>
  </datafield>
  <datafield tag="689" ind1="1" ind2="5">
   <subfield code="a">z</subfield>
   <subfield code="2">gnd</subfield>
   <subfield code="a">Geschichte 500-1500</subfield>
  </datafield>
  <datafield tag="689" ind1="1" ind2=" ">
   <subfield code="5">(DE-627)</subfield>
  </datafield>
  <datafield tag="700" ind1="1" ind2=" ">
   <subfield code="a">Signori, Gabriela</subfield>
   <subfield code="d">1960-</subfield>
   <subfield code="e">Hrsg.</subfield>
   <subfield code="0">(DE-588)122716124</subfield>
   <subfield code="0">(DE-627)082110824</subfield>
   <subfield code="0">(DE-576)172713552</subfield>
   <subfield code="4">edt</subfield>
  </datafield>
  <datafield tag="787" ind1="0" ind2="8">
   <subfield code="i">Rezensiert in</subfield>
   <subfield code="a">Ehlers-Kisseler, Ingrid, 1967 - </subfield>
   <subfield code="t">[Rezension von: „Heiliges Westfalen“, Heilige, Reliquien, Wallfahrt und Wunder im Mittelalter]</subfield>
   <subfield code="d">2004</subfield>
   <subfield code="w">(DE-627)1745563121</subfield>
  </datafield>
  <datafield tag="830" ind1=" " ind2="0">
   <subfield code="a">Religion in der Geschichte</subfield>
   <subfield code="v">11</subfield>
   <subfield code="9">11</subfield>
   <subfield code="w">(DE-627)333529200</subfield>
   <subfield code="w">(DE-576)038518260</subfield>
   <subfield code="w">(DE-600)2056074-6</subfield>
   <subfield code="x">1439-8753</subfield>
   <subfield code="7">ns</subfield>
  </datafield>
  <datafield tag="935" ind1=" " ind2=" ">
   <subfield code="a">mteo</subfield>
  </datafield>
  <datafield tag="935" ind1=" " ind2=" ">
   <subfield code="i">Blocktest</subfield>
  </datafield>
  <datafield tag="936" ind1="r" ind2="v">
   <subfield code="a">LC 36050</subfield>
   <subfield code="b">Nordrhein-Westfalen</subfield>
   <subfield code="k">Religionsethnologie</subfield>
   <subfield code="k">Heiligenverehrung</subfield>
   <subfield code="k">Europa</subfield>
   <subfield code="k">Mitteleuropa</subfield>
   <subfield code="k">Deutschland</subfield>
   <subfield code="k">Mittel- und Westdeutschland</subfield>
   <subfield code="k">Nordrhein-Westfalen</subfield>
   <subfield code="0">(DE-627)1271635097</subfield>
   <subfield code="0">(DE-625)rvk/90646:791</subfield>
   <subfield code="0">(DE-576)201635097</subfield>
  </datafield>
  <datafield tag="936" ind1="r" ind2="v">
   <subfield code="a">NR 4460</subfield>
   <subfield code="b">Kirchengeschichte (allgemein)</subfield>
   <subfield code="k">Landes- und Stadtgeschichte (Allgemeine, Deutsche und Österreichische Landes- und Stadtgeschichte, Ausländische Stadtgeschichte, Geschichte der Auslanddeutschen)</subfield>
   <subfield code="k">Deutsche Landesgeschichte im Einzelnen (einschl. ehemaliger deutscher Gebiete)</subfield>
   <subfield code="k">Westfalen</subfield>
   <subfield code="k">Kirchengeschichte (allgemein)</subfield>
   <subfield code="0">(DE-627)1271473798</subfield>
   <subfield code="0">(DE-625)rvk/129359:</subfield>
   <subfield code="0">(DE-576)201473798</subfield>
  </datafield>
  <datafield tag="936" ind1="r" ind2="v">
   <subfield code="a">NM 1400</subfield>
   <subfield code="b">Kirchengeschichte, Geistes- und Kulturgeschichte</subfield>
   <subfield code="k">Geschichte des Mittelalters</subfield>
   <subfield code="k">Quellen und Darstellungen zum Gesamtzeitraum</subfield>
   <subfield code="k">Darstellungen</subfield>
   <subfield code="k">Kirchengeschichte, Geistes- und Kulturgeschichte</subfield>
   <subfield code="0">(DE-627)1270944614</subfield>
   <subfield code="0">(DE-625)rvk/126291:</subfield>
   <subfield code="0">(DE-576)200944614</subfield>
  </datafield>
  <datafield tag="936" ind1="b" ind2="k">
   <subfield code="a">11.50</subfield>
   <subfield code="j">Kirchengeschichte</subfield>
   <subfield code="j">Dogmengeschichte</subfield>
   <subfield code="0">(DE-627)106403877</subfield>
  </datafield>
  <datafield tag="936" ind1="b" ind2="k">
   <subfield code="a">15.53</subfield>
   <subfield code="j">Nordrhein-Westfalen</subfield>
   <subfield code="x">Geschichte</subfield>
   <subfield code="0">(DE-627)181571595</subfield>
  </datafield>
  <datafield tag="936" ind1="b" ind2="k">
   <subfield code="a">73.93</subfield>
   <subfield code="j">Immaterielle Kultur</subfield>
   <subfield code="x">Volkskunde</subfield>
   <subfield code="0">(DE-627)181571463</subfield>
  </datafield>
  <datafield tag="936" ind1="b" ind2="k">
   <subfield code="a">11.52</subfield>
   <subfield code="j">Mittelalterliches Christentum</subfield>
   <subfield code="0">(DE-627)10641965X</subfield>
  </datafield>
  <datafield tag="951" ind1=" " ind2=" ">
   <subfield code="a">BO</subfield>
  </datafield>
  <datafield tag="990" ind1=" " ind2=" ">
   <subfield code="a">Westfalen</subfield>
  </datafield>
  <datafield tag="990" ind1=" " ind2=" ">
   <subfield code="a">Heiligenverehrung</subfield>
  </datafield>
  <datafield tag="990" ind1=" " ind2=" ">
   <subfield code="a">Geschichte 750-1600</subfield>
  </datafield>
  <datafield tag="990" ind1=" " ind2=" ">
   <subfield code="a">Westfalen</subfield>
  </datafield>
  <datafield tag="990" ind1=" " ind2=" ">
   <subfield code="a">Heiligenverehrung</subfield>
  </datafield>
  <datafield tag="990" ind1=" " ind2=" ">
   <subfield code="a">Wallfahrt</subfield>
  </datafield>
  <datafield tag="990" ind1=" " ind2=" ">
   <subfield code="a">Reliquienkult</subfield>
  </datafield>
  <datafield tag="990" ind1=" " ind2=" ">
   <subfield code="a">Wunderglaube</subfield>
  </datafield>
  <datafield tag="990" ind1=" " ind2=" ">
   <subfield code="a">Geschichte 500-1500</subfield>
  </datafield>
  <datafield tag="991" ind1=" " ind2=" ">
   <subfield code="a">Rezensiertes Werk</subfield>
  </datafield>
  <datafield tag="999" ind1=" " ind2=" ">
   <subfield code="a">KXP-PPN363239715</subfield>
   <subfield code="e">4020820988</subfield>
  </datafield>
 </record>
</collection>
